Регионална библиотека "Любен Каравелов" - Русе

Анекдотична Владигеровиада (Запис номер 85683)

MARC детайли
000 -Лидер
Контролно поле с фиксирана дължина 01843nam a2200385 c 4500
003 - Код на организацията, давaща контролен номер
Контролно поле BLK
005 - Дата и час на последна редакция
Контролно поле 20230802005134.0
008 - Елементи от данни с фиксирана дължина
fixed length control field 180408b bul|||||r ||||||| ||bul||
010 ## - Наследен системен номер
LC control number KNG00090285000
040 ## - Източник на каталожния запис
Идентификатор на билиотеката - собственик на записа BLK
041 ## - Код за език
Код за езика на текст/звукозапис или на отделно заглавие Български
Код за езика КДБФ Български
080 ## - УДК
Текстов определител УДК Музиканти-творци, композитори
УДК код - определител по УДК 78.071.1
УДК определител (497.2)(092)(0:82-36)
УДК - код + определител 78.071.1(497.2)(092)(0:82-36)
080 ## - УДК
Текстов определител УДК Българска литература
УДК код - определител по УДК 821.163.2
УДК определител -36
УДК - код + определител 821.163.2-36
080 ## - УДК
Текстов определител УДК Български композитор
УДК код - определител по УДК 929 Владигеров, Панчо Хараланов
УДК определител
УДК - код + определител 929 Владигеров, Панчо Хараланов
100 1# - Редна дума - Автор
Автор Клостерман, Евгени Павлов
Авторска отговорност първи автор
R(LIN) 364162
139 ## - Редно поле
Редна дума Павлов, Евгени
Авторски знак Влад - В 68
245 10 - Сведения за заглавието
Заглавие Анекдотична Владигеровиада
Редно поле (дума) Евгени Павлов Клостерман; * Евгени Павлов.
257 ## - Страна на издаване
Страна на създаване/издаване България
260 ## - Област на издателските данни
-- София
Име на издателя, разпространителя и проч. Изд. авт.
Година на издаване 2003
Печатница София : печ. Силвия
300 ## - Физическа характеристика
Страници 200 с.
Илюстрации и др. с ил.
Размери/Мащаб 21 см
380 ## - Жанр
Жанр Изкуство
500 ## - Общи забележки
Забележка Пълното име на авт. Евгени Павлов Клостерман. - Съдържа и Бележки за автора.
650 #4 - Допълнително описание по предмет – тема
Основно описание – тема или топоним Владигеров, Панчо Хараланов
9 (RLIN) 253261
650 #4 - Допълнително описание по предмет – тема
Основно описание – тема или топоним Композитори, български
9 (RLIN) 241861
653 ## - Ключова дума – ненормативна
Ключова дума Панчо Владигеров
653 ## - Ключова дума – ненормативна
Ключова дума български композитори
653 ## - Ключова дума – ненормативна
Ключова дума анекдоти
700 1# - Други автори (авторска отговорност)
Лично име Павлов, Евгени
Автороска отговорност (Описва отношението между автора и произведението) *
Друга информация Клостерман, Евгени Павлов
9 (RLIN) 364163
852 ## - Местоположение
Форматна сигнатура Цб 244544
856 4# - Електронен адрес и достъп
Електронен формат pdf - файл
Път до файла /url/
856 4# - Електронен адрес и достъп
Електронен формат pdf - файл
Път до файла /url/
942 ## - АРТИКУЛИ
Вид на библиотечния материал Книги
Скрит в OPAC Не
944 ## - СЪЗДАВАНЕ И РЕДАКЦИЯ на ЗАПИСА
Създаване/Редакция Създаване
Дата на регистрацията/редакция 29.06.2009
Статус, дата на статуса CRON CRON
Служител, извършил регистрацията/редакцията
944 ## - СЪЗДАВАНЕ И РЕДАКЦИЯ на ЗАПИСА
Създаване/Редакция Редакция
Дата на регистрацията/редакция 08.09.2009
Статус, дата на статуса ф /
Служител, извършил регистрацията/редакцията
999 ## - СИСТЕМНИ КОНТРОЛНИ НОМЕРА
Koha biblionumber 85683
Koha biblioitemnumber 85683
Наличности
Код за отписване Код за изгубен артикул Код за повреда Коз за рестрикции Код за отдаване Артикулен № Име на библиотеката - собственик Име на библиотеката, в която се намира в момента Статус (Текущо местоположение) Дата на вписване в системата Местоположение - отдел Цена в лева Инвентарен номер Систематично азбучна сигнатура Баркод Номер на екземпляра Цена в евро Служебна бележка Служебен тип на артикула
  Не е изгубен Не е повреден без рестрикции ползва се в читалня 138923 Регионална библиотека "Любен Каравелов" Русе Регионална библиотека "Любен Каравелов" Русе Хранилище 2009-06-29 Основен фонд - ползва се само за читалня 5.00 120000736549 Цб 244544 120000736549 1 2.56 Дост: DA Вид: А N: 7 Дата: 29.06.2009 Книги
Vip Innovations Ltd, Rousse, Bulgaria 2025